000 00455nam a22001817a 4500
003 MPLRDC
005 20220104114050.0
008 210129b ||||| |||| 00| 0 eng d
020 _a7-5080-0158-3
082 _a831.94 CBO
100 _a池北偶选释
245 _a历代讽刺诗选萃
_c丁聪、方成图
250 _a一版一刷
260 _a
_b华夏出版社
_c1994
300 _b
650 _a讽刺诗总集
942 _cBK
_o831.94 CBO
999 _c4548
_d4538